Financial accounting and reporting fundamentals II: (Record no. 741)
[ view plain ]
| 000 -LEADER | |
|---|---|
| fixed length control field | 00665nam a22001817a 4500 |
| 005 - DATE AND TIME OF LATEST TRANSACTION | |
| control field | 20230130035658.0 |
| 008 - FIXED-LENGTH DATA ELEMENTS--GENERAL INFORMATION | |
| fixed length control field | 230130b |||||||| |||| 00| 0 eng d |
| 020 ## - INTERNATIONAL STANDARD BOOK NUMBER | |
| International Standard Book Number | 978-621-426-084-3 |
| 082 ## - DEWEY DECIMAL CLASSIFICATION NUMBER | |
| Classification number | Fil. 657 F897 2019 |
| 100 ## - MAIN ENTRY--PERSONAL NAME | |
| Personal name | Frias, Solita A. |
| Relator term | author |
| 245 ## - TITLE STATEMENT | |
| Title | Financial accounting and reporting fundamentals II: |
| Remainder of title | (partnership and corporation) / |
| Statement of responsibility, etc. | Solita A. Frias, Consolacion L. Fajardo |
| 260 ## - PUBLICATION, DISTRIBUTION, ETC. | |
| Place of publication, distribution, etc. | Manila: |
| Name of publisher, distributor, etc. | Unlimited Books Library Services & Publishing, |
| Date of publication, distribution, etc. | c2019. |
| 300 ## - PHYSICAL DESCRIPTION | |
| Extent | xiv, [369]p.; |
| Other physical details | ill. |
| 541 ## - IMMEDIATE SOURCE OF ACQUISITION NOTE | |
| Accession number | 6217 c.1, 6218 c.2, 6219 c.3 |
| 650 ## - SUBJECT ADDED ENTRY--TOPICAL TERM | |
| Topical term or geographic name entry element | Accounting |
| 650 ## - SUBJECT ADDED ENTRY--TOPICAL TERM | |
| Topical term or geographic name entry element | Financial statements |
| 700 ## - ADDED ENTRY--PERSONAL NAME | |
| Personal name | Fajardo, Consolacion L. |
| Relator term | author |
| Withdrawn status | Lost status | Source of classification or shelving scheme | Damaged status | Not for loan | Home library | Current library | Date acquired | Total Checkouts | Full call number | Barcode | Date last seen | Date last checked out | Copy number | Price effective from | Koha item type |
|---|---|---|---|---|---|---|---|---|---|---|---|---|---|---|---|
| Dewey Decimal Classification | ctu-moalboal | ctu-moalboal | 10/14/2019 | 2 | Fil. 657 F897 2019 | 6217 | 04/25/2024 | 04/23/2024 | 1 | 01/30/2023 | Books-Filipiniana | ||||
| Dewey Decimal Classification | ctu-moalboal | ctu-moalboal | 10/14/2019 | Fil. 657 F897 2019 | 6218 | 01/30/2023 | 2 | 01/30/2023 | Books-Filipiniana | ||||||
| Dewey Decimal Classification | ctu-moalboal | ctu-moalboal | 10/14/2019 | Fil. 657 F897 2019 | 6219 | 01/30/2023 | 3 | 01/30/2023 | Books-Filipiniana |